[Event "SC WeiÃŸe Dame Ulm - SK Schmiden/Cannsta"]
[Site "?"]
[Date "2022.04.24"]
[Round "5.1"]
[White "Krockenberger, Martin"]
[Black "Fleischer, Frank"]
[Result "0-1"]
[WhiteElo "2237"]
[BlackElo "2201"]
[PlyCount "114"]
[EventDate "2022.??.??"]

1. d4 e6 2. e4 d5 3. Nd2 c5 4. exd5 Qxd5 5. Ngf3 cxd4 6. Bc4 Qd6 7. O-O Nf6 8.
Nb3 Nc6 9. Nbxd4 Nxd4 10. Nxd4 Bd7 11. c3 Rc8 12. Bb3 Be7 13. Qf3 O-O 14. Re1
Bc6 15. Nxc6 Qxc6 16. Qh3 Rfe8 17. Bc2 b5 18. Bg5 g6 19. Re2 Nd5 20. Bxe7 Nf4
21. Qh4 Nxe2+ 22. Kf1 Nf4 23. Qxf4 Rxe7 24. Bb3 Rd7 25. Re1 Qd6 26. Qg4 Kg7 27.
g3 Rcd8 28. h4 h5 29. Qg5 Qd3+ 30. Kg2 Qf5 31. Qe3 a6 32. Re2 Rd3 33. Qe5+ Qxe5
34. Rxe5 Rd2 35. c4 Rxb2 36. cxb5 axb5 37. Re1 Rdd2 38. Rf1 Kf6 39. Kf3 Ke5 40.
Ke3 Re2+ 41. Kf3 Kd4 42. Bd1 Red2 43. Bb3 Kc3 44. Ke3 Re2+ 45. Kf3 Kb4 46. Bd1
Red2 47. Bb3 Ka3 48. Ke3 Re2+ 49. Kf3 b4 50. Bd1 Red2 51. Bb3 Rxa2 52. Bxa2
Kxa2 53. Rc1 Rd7 54. Rc6 b3 55. Ra6+ Kb1 56. Kf4 b2 57. f3 Rb7 0-1

[Event "SC WeiÃŸe Dame Ulm - SK Schmiden/Cannsta"]
[Site "?"]
[Date "2022.04.24"]
[Round "5.2"]
[White "Egle, Heiko"]
[Black "Holzhaeuer, Mathias"]
[Result "1/2-1/2"]
[WhiteElo "2212"]
[BlackElo "2242"]
[PlyCount "72"]
[EventDate "2022.??.??"]

1. e4 d5 2. exd5 Nf6 3. d4 Bg4 4. Bb5+ Nbd7 5. f3 Bf5 6. Nc3 a6 7. Ba4 b5 8.
Bb3 Nb6 9. Nge2 g6 10. Ng3 Bc8 11. Bg5 Bg7 12. Qd2 h6 13. Bxf6 Bxf6 14. a4 bxa4
15. Nxa4 Nxd5 16. Ne4 Bg7 17. c3 O-O 18. O-O Kh7 19. Nac5 Nb6 20. Qe2 e5 21.
dxe5 Bxe5 22. Rfe1 Bg7 23. Nxa6 Nd7 24. Nb4 Rxa1 25. Rxa1 c5 26. Nd5 Bb7 27.
Qb5 Bxd5 28. Bxd5 Qc7 29. Qc6 Qxc6 30. Bxc6 Ne5 31. Bd5 Rd8 32. c4 Nd3 33. Bxf7
Bxb2 34. Rd1 Bd4+ 35. Kf1 Ne5 36. Be6 Rb8 1/2-1/2

[Event "SC WeiÃŸe Dame Ulm - SK Schmiden/Cannsta"]
[Site "?"]
[Date "2022.04.24"]
[Round "5.3"]
[White "Trachtmann, Mark"]
[Black "Bildt, Maximilian"]
[Result "1/2-1/2"]
[WhiteElo "2238"]
[BlackElo "2120"]
[PlyCount "96"]
[EventDate "2022.??.??"]

1. d4 Nf6 2. c4 c5 3. d5 b5 4. cxb5 a6 5. bxa6 Bxa6 6. Nc3 d6 7. e4 Bxf1 8.
Kxf1 g6 9. Nf3 Bg7 10. g3 O-O 11. Kg2 Qb6 12. Re1 Na6 13. Re2 Nb4 14. a4 Qb7
15. Nb5 Nd7 16. Rb1 Nb6 17. b3 f5 18. Ng5 fxe4 19. Rxe4 N6xd5 20. f3 Rf5 21.
Ne6 Nf6 22. Re3 Ng4 23. Re4 Ne5 24. Bf4 Nbd3 25. Qe2 Nxf4+ 26. gxf4 Nc6 27. Rd1
Bf6 28. Qc2 Nb4 29. Qe2 Qc6 30. Rc4 Nd5 31. Qe4 Ra6 32. Nd8 Nxf4+ 33. Qxf4 Rxf4
34. Nxc6 Rxc4 35. Nxe7+ Bxe7 36. bxc4 Rxa4 37. Nxd6 Bxd6 38. Rxd6 Rxc4 39. Rd7
h5 40. Kg3 Kf8 41. Rc7 g5 42. Kg2 Rc2+ 43. Kg3 Rc3 44. Kg2 h4 45. Rd7 Rc2+ 46.
Kh3 Rf2 47. Kg4 Rg2+ 48. Kh3 Rf2 1/2-1/2

[Event "SC WeiÃŸe Dame Ulm - SK Schmiden/Cannsta"]
[Site "?"]
[Date "2022.04.24"]
[Round "5.4"]
[White "Weber, Franz-Josef"]
[Black "Loehr, Markus"]
[Result "1-0"]
[WhiteElo "2074"]
[BlackElo "2227"]
[PlyCount "65"]
[EventDate "2022.??.??"]

1. e4 c6 2. Ne2 d5 3. e5 d4 4. Nf4 Qc7 5. Qe2 Nd7 6. Nd3 e6 7. g3 Ne7 8. Bg2 c5
9. f4 Nf5 10. O-O Be7 11. Na3 Rb8 12. Be4 b5 13. g4 Nh4 14. c4 bxc4 15. Nxc4
Nb6 16. Nf2 Nxc4 17. Qxc4 Rb4 18. Qc2 Bb7 19. d3 f5 20. exf6 gxf6 21. Bd2 Bxe4
22. Nxe4 Rb8 23. Be1 f5 24. Ng5 h6 25. Nxe6 Qb7 26. Bxh4 Bxh4 27. Qa4+ Ke7 28.
Nxc5 Qd5 29. Qxa7+ Kf6 30. Nd7+ Ke6 31. Nxb8 Rg8 32. Rfe1+ Bxe1 33. Rxe1+ 1-0

[Event "SC WeiÃŸe Dame Ulm - SK Schmiden/Cannsta"]
[Site "?"]
[Date "2022.04.24"]
[Round "5.5"]
[White "Thoma, Christian"]
[Black "Kill, Matthias"]
[Result "1-0"]
[WhiteElo "2177"]
[BlackElo "2047"]
[PlyCount "91"]
[EventDate "2022.??.??"]

1. d4 g6 2. c4 Bg7 3. e4 d6 4. Nc3 Nf6 5. Be2 Na6 6. Bg5 h6 7. Be3 e5 8. d5 Nc5
9. f3 a5 10. g4 h5 11. g5 Ng8 12. Qd2 Ne7 13. O-O-O b6 14. h4 Bd7 15. Nh3 O-O
16. Nf2 Kh7 17. Rdg1 Qb8 18. Nb5 Rd8 19. Kb1 c6 20. dxc6 Bxc6 21. Nc3 Bb7 22.
Rd1 Bc6 23. Rhf1 Na4 24. Nd5 Nxd5 25. cxd5 Bd7 26. Rc1 b5 27. Nd3 b4 28. Ka1
Qb7 29. Bd1 Rac8 30. Bb3 Rxc1+ 31. Rxc1 Nb6 32. Qf2 Na8 33. Bc4 Rc8 34. Kb1 Nc7
35. Bb3 a4 36. Bc4 b3 37. axb3 Nb5 38. Qd2 axb3 39. Qb4 Rb8 40. Qxb3 Qa6 41.
Qa2 Qb7 42. Nb4 f6 43. Nc6 Bxc6 44. dxc6 Qc7 45. Bxb5 Rxb5 46. Qa7 1-0

[Event "SC WeiÃŸe Dame Ulm - SK Schmiden/Cannsta"]
[Site "?"]
[Date "2022.04.24"]
[Round "5.6"]
[White "Wolf, Rainer"]
[Black "Eisele, Steffen"]
[Result "0-1"]
[WhiteElo "2020"]
[BlackElo "2240"]
[PlyCount "58"]
[EventDate "2022.??.??"]

1. Nf3 g6 2. e3 Bg7 3. d4 d6 4. Be2 Nd7 5. O-O e5 6. b4 a5 7. b5 Ngf6 8. dxe5
Ng4 9. Bb2 O-O 10. Nbd2 Ngxe5 11. Rb1 Qe7 12. Nc4 Nxf3+ 13. Bxf3 Bxb2 14. Rxb2
Nc5 15. Bd5 Bd7 16. Qd4 Rfd8 17. b6 c6 18. Bf3 d5 19. Ne5 Ne6 20. Qd2 Qf6 21.
Nd3 Ng5 22. Qe2 Bf5 23. Rb3 Be4 24. Bxe4 dxe4 25. Ne1 Qa1 26. c3 Rd1 27. h4 Ne6
28. Ra3 Rad8 29. Kh2 R8d2 0-1

[Event "SC WeiÃŸe Dame Ulm - SK Schmiden/Cannsta"]
[Site "?"]
[Date "2022.04.24"]
[Round "5.7"]
[White "Aidam-Reinisch, Guenther"]
[Black "Berning, Boris"]
[Result "1/2-1/2"]
[WhiteElo "1724"]
[BlackElo "2162"]
[PlyCount "92"]
[EventDate "2022.??.??"]

1. e4 c5 2. Nf3 e6 3. c4 d6 4. Nc3 a6 5. d4 cxd4 6. Nxd4 Nf6 7. Be2 Be7 8. O-O
Qc7 9. Be3 Nbd7 10. Qd2 b6 11. Rac1 Bb7 12. f3 Rc8 13. Rfd1 Qb8 14. b3 O-O 15.
Na4 Bd8 16. Nc3 Bc7 17. g3 Rfe8 18. Bf1 Qa8 19. Bg2 Ne5 20. Nde2 Red8 21. Bg5
Ned7 22. Bf4 h6 23. Qe1 Ne5 24. Qf2 Nfd7 25. Rd2 Qb8 26. Rcd1 Ba8 27. Be3 b5
28. cxb5 axb5 29. h3 b4 30. Na4 Bc6 31. Nb2 Nf6 32. Nd4 Ba8 33. Qe2 Ng6 34. Nb5
d5 35. Nxc7 Qxc7 36. Bf2 Qa5 37. e5 Nd7 38. Nd3 Bb7 39. Bd4 Ba6 40. Qe3 Bxd3
41. Rxd3 Qxa2 42. f4 Qa6 43. Bf1 Ne7 44. g4 Nc6 45. R3d2 Qb7 46. Bb2 Qb6
1/2-1/2

[Event "SK Bebenhausen - SV NÃ¼rtingen"]
[Site "?"]
[Date "2022.04.03"]
[Round "5.1"]
[White "Mehne, Claudius"]
[Black "Braun, Georg"]
[Result "0-1"]
[WhiteElo "2222"]
[BlackElo "2399"]
[PlyCount "132"]
[EventDate "2022.??.??"]

1. Nf3 c5 2. c4 Nf6 3. b3 g6 4. Bb2 Bg7 5. g3 Nc6 6. Bg2 d6 7. O-O e5 8. Nc3
O-O 9. d3 Rb8 10. a3 a6 11. Nd2 Be6 12. b4 Qd7 13. Nd5 b6 14. e3 Ne7 15. Nxe7+
Qxe7 16. Qa4 Bf5 17. Ne4 Nxe4 18. Bxe4 Bxe4 19. dxe4 Qb7 20. Qc2 Rfc8 21. Qd3
b5 22. Rfc1 cxb4 23. cxb5 bxa3 24. Rxc8+ Rxc8 25. Qxa3 axb5 26. Qxd6 Qxe4 27.
Qd7 Rb8 28. Ra7 Qf5 29. Qc7 Rc8 30. Qe7 e4 31. Bxg7 Kxg7 32. Rc7 Rxc7 33. Qxc7
Qd5 34. Qc3+ Kh6 35. Kg2 Kg5 36. h3 f6 37. Qc7 Kh6 38. Qf4+ Kg7 39. Qc7+ Qf7
40. Qc6 b4 41. Qxe4 b3 42. Qb4 Qd5+ 43. e4 Qe6 44. h4 f5 45. Qd4+ Kf7 46. exf5
gxf5 47. Qa7+ Kg6 48. Qb8 Qe4+ 49. Kg1 Qe6 50. Kh2 Kh5 51. Qf4 h6 52. Qb8 Qd5
53. Qe8+ Kg4 54. Qe2+ Qf3 55. Qc4+ Qe4 56. Qxb3 Kh5 57. Qf7+ Kg4 58. Qg6+ Kf3
59. Qxh6 Kxf2 60. Qf4+ Ke1 61. Kg1 Qe6 62. h5 Ke2 63. h6 Qg6 64. Kg2 Ke1 65.
Kf3 Qc6+ 66. Ke3 Qc3# 0-1

[Event "SK Bebenhausen - SV NÃ¼rtingen"]
[Site "?"]
[Date "2022.04.03"]
[Round "5.2"]
[White "Wendler, David"]
[Black "Aring, Gerd"]
[Result "1/2-1/2"]
[WhiteElo "2290"]
[BlackElo "2184"]
[PlyCount "76"]
[EventDate "2022.??.??"]

1. e4 c5 2. c3 Nf6 3. e5 Nd5 4. d4 cxd4 5. Nf3 Nc6 6. Bc4 e6 7. cxd4 d6 8. O-O
Be7 9. Qe2 O-O 10. Qe4 Ndb4 11. exd6 Qxd6 12. Nc3 f5 13. Qe2 a6 14. Re1 Nxd4
15. Nxd4 Qxd4 16. Bxe6+ Bxe6 17. Qxe6+ Rf7 18. Qb3 Nd3 19. Re2 Nc5 20. Qd5 Qxd5
21. Nxd5 Rd8 22. Rxe7 Rxd5 23. Re8+ Rf8 24. Rxf8+ Kxf8 25. Be3 Ne6 26. g3 g5
27. Re1 Kf7 28. Kg2 Kf6 29. Bc1 f4 30. b3 Kf5 31. g4+ Kf6 32. Bb2+ Kf7 33. Re2
Rd3 34. Rc2 Kg6 35. Be5 Rd5 36. Bb2 Rd3 37. Be5 Rd5 38. Bb2 Rd3 1/2-1/2

[Event "SK Bebenhausen - SV NÃ¼rtingen"]
[Site "?"]
[Date "2022.04.03"]
[Round "5.3"]
[White "Gold, Stefan"]
[Black "Braeuning, Rudolf Wilhelm"]
[Result "0-1"]
[WhiteElo "1994"]
[BlackElo "2205"]
[PlyCount "80"]
[EventDate "2022.??.??"]

1. d4 Nf6 2. Nf3 d5 3. e3 c6 4. b3 Bf5 5. Be2 e6 6. Bb2 Nbd7 7. O-O a5 8. a4
Qb8 9. c4 Bd6 10. Re1 g5 11. g3 h5 12. Nbd2 h4 13. Nf1 Ne4 14. c5 Bc7 15. N3d2
Nxf2 16. Kxf2 hxg3+ 17. hxg3 Bxg3+ 18. Kg2 Bh3+ 19. Kg1 g4 20. Bd3 f5 21. Qe2
Bxe1 22. Rxe1 Bxf1 23. Nxf1 Nf6 24. Qf2 Rh3 25. Bc2 Qc7 26. Qf4 Qxf4 27. exf4
Kf7 28. Bc1 Rah8 29. Bd2 Ne4 30. Bxe4 dxe4 31. Re3 Rxe3 32. Bxe3 Rh3 33. Kg2
Rf3 34. Bd2 Rxb3 35. Bxa5 Rd3 36. Bc7 Rxd4 37. a5 Rd3 38. Kf2 Rc3 39. Bd6 e5
40. fxe5 f4 0-1

[Event "OLWU 2122 SK Bebenhausen - SV NÃ¼rtingen"]
[Site "?"]
[Date "2022.04.03"]
[Round "5.4"]
[White "Latzke, Boris"]
[Black "Doll, Michael"]
[Result "1-0"]
[WhiteElo "2164"]
[BlackElo "2147"]
[PlyCount "111"]
[EventDate "2022.??.??"]

1. d4 d5 2. c4 e6 3. Nc3 Nf6 4. cxd5 exd5 5. Bg5 Bb4 6. e3 O-O 7. Bd3 h6 8. Bh4
Re8 9. Nge2 c6 10. O-O Nbd7 11. h3 Be7 12. Qc2 Ne4 13. Bxe7 Qxe7 14. Bxe4 dxe4
15. Ng3 Nf6 16. f3 exf3 17. Rxf3 Qd6 18. Raf1 Re7 19. Qf2 Bd7 20. e4 Nh7 21.
Rxf7 Rxf7 22. Qxf7+ Kh8 23. Qf2 Rf8 24. Qe3 Rxf1+ 25. Nxf1 Ng5 26. Nd2 Ne6 27.
Nf3 b6 28. Ne2 Be8 29. Nh4 Qb4 30. Nf5 Kh7 31. Qc3 Qf8 32. Neg3 g6 33. Ne3 Qf4
34. Nef1 Qd6 35. Ne2 Bd7 36. Ne3 Ng5 37. e5 Qf8 38. Qd3 Qf7 39. h4 Ne6 40. Ng4
Kg7 41. Qe3 g5 42. hxg5 Nxg5 43. Nf6 Bf5 44. Ng3 Bg6 45. Qc3 Qe6 46. b3 Nh7 47.
Nfh5+ Kg8 48. Nf4 Qe8 49. Qc4+ Kh8 50. Qe2 Nf8 51. e6 Qe7 52. Qe5+ Kh7 53. Ne4
Bxe4 54. Qxe4+ Kg8 55. Qxc6 Qf6 56. Qe4 1-0

[Event "Heilbronner SV - TSV SchÃ¶naich 2"]
[Site "?"]
[Date "2022.01.09"]
[Round "5.1"]
[White "Koelle, Tobias"]
[Black "Wenninger, Philipp"]
[Result "1-0"]
[WhiteElo "2380"]
[BlackElo "2393"]
[PlyCount "61"]
[EventDate "2022.??.??"]

1. d4 Nf6 2. c4 c5 3. d5 e6 4. Nc3 exd5 5. cxd5 d6 6. e4 g6 7. Nf3 Bg7 8. Nd2
O-O 9. Be2 Re8 10. O-O Nbd7 11. f3 a6 12. a4 Ne5 13. Kh1 h5 14. h3 Nh7 15. f4
Ng4 16. Nf3 f5 17. hxg4 hxg4 18. Ng5 Nxg5 19. fxg5 Bd4 20. g3 Kg7 21. Kg2 Rh8
22. Rh1 Rxh1 23. Qxh1 Bd7 24. Bd3 c4 25. exf5 gxf5 26. Qh6+ Kg8 27. Qg6+ Bg7
28. Bxf5 Bxf5 29. Qxf5 Qb6 30. Qe6+ Kh8 31. Bd2 1-0

[Event "Heilbronner SV - TSV SchÃ¶naich 2"]
[Site "?"]
[Date "2022.01.09"]
[Round "5.2"]
[White "Kabisch, Thilo"]
[Black "Richter, Nils"]
[Result "0-1"]
[WhiteElo "2284"]
[BlackElo "2270"]
[PlyCount "118"]
[EventDate "2022.??.??"]

1. e4 c5 2. d4 cxd4 3. Nf3 e6 4. Nxd4 Nc6 5. Nb5 d6 6. c4 Nf6 7. N1c3 a6 8. Na3
Qa5 9. Bd2 Be7 10. Be2 O-O 11. O-O Qe5 12. Bf3 Nd4 13. Be3 Nxf3+ 14. Qxf3 Bd7
15. Rfe1 Qa5 16. Qe2 b5 17. cxb5 axb5 18. Naxb5 Nxe4 19. a3 Rfb8 20. Nxe4 Qxb5
21. Qxb5 Bxb5 22. b4 Bd3 23. Bf4 Rb6 24. f3 Rba6 25. Red1 Bc2 26. Rdc1 Bxe4 27.
fxe4 g5 28. Bg3 Rxa3 29. Rab1 R3a7 30. b5 Rb7 31. Rc6 Rab8 32. b6 Bd8 33. Bf2
Be7 34. Rb5 Kf8 35. Bg3 e5 36. Bf2 Ke8 37. g4 Kd7 38. Rc3 Bd8 39. Rf3 f6 40.
Rh3 Bxb6 41. Rxh7+ Kc6 42. Rxb6+ Rxb6 43. Bxb6 Rxb6 44. Rf7 Rb4 45. Rxf6 Rxe4
46. h3 Rf4 47. Rg6 e4 48. Kg2 Kd5 49. Rxg5+ Kd4 50. Rg6 d5 51. Re6 Ke3 52. g5
d4 53. g6 Rf8 54. Rd6 d3 55. h4 d2 56. h5 Rf5 57. Rd7 Rxh5 58. g7 Rg5+ 59. Kf1
Rxg7 0-1

[Event "Heilbronner SV - TSV SchÃ¶naich 2"]
[Site "?"]
[Date "2022.01.09"]
[Round "5.3"]
[White "Lorscheid, Gerhard"]
[Black "Zuferi, Enis"]
[Result "0-1"]
[WhiteElo "2169"]
[BlackElo "2322"]
[PlyCount "84"]
[EventDate "2022.??.??"]

1. c4 e5 2. Nc3 Nf6 3. g3 Bb4 4. Bg2 O-O 5. Nf3 Bxc3 6. bxc3 Re8 7. O-O e4 8.
Nd4 d6 9. Rb1 Nbd7 10. d3 h6 11. Qc2 Nc5 12. Ba3 Qe7 13. Nb3 b6 14. Nxc5 dxc5
15. d4 Bf5 16. Rb3 Qe6 17. Qc1 Qxc4 18. dxc5 Qxe2 19. c4 Qxa2 20. Rc3 Rad8 21.
Bb2 Rd3 22. Rc2 Qa4 23. Bxf6 gxf6 24. cxb6 axb6 25. c5 Kg7 26. Rb2 Qd4 27. cxb6
cxb6 28. Rb5 Re5 29. Qb1 Rxb5 30. Qxb5 Bd7 31. Qh5 f5 32. Bh3 Qc5 33. Bg2 Qd4
34. Bh3 Qc5 35. Bg2 Qd5 36. Rb1 b5 37. Bf1 Rd2 38. Qh4 Rd1 39. Rxd1 Qxd1 40.
Qf4 Qd5 41. Qb8 Qc5 42. Qb7 Bc6 0-1

[Event "Heilbronner SV - TSV SchÃ¶naich 2"]
[Site "?"]
[Date "2022.01.09"]
[Round "5.4"]
[White "Pogan, Nikolas"]
[Black "Schnadt, Florian"]
[Result "1-0"]
[WhiteElo "2205"]
[BlackElo "2058"]
[PlyCount "61"]
[EventDate "2022.??.??"]

1. Nf3 Nf6 2. g3 g6 3. Bg2 Bg7 4. O-O O-O 5. c4 c5 6. Nc3 Nc6 7. Rb1 d5 8. b3
Re8 9. d3 Rb8 10. a3 h6 11. Nxd5 Nxd5 12. cxd5 Qxd5 13. Bf4 Ra8 14. Ne5 Qe6 15.
Nxc6 bxc6 16. Be3 Qd6 17. Qc2 Be6 18. Bxc5 Qc7 19. Bb4 a5 20. Bc3 Bd5 21. Bxg7
Kxg7 22. Qc3+ f6 23. e4 Bf7 24. d4 Rab8 25. Rfd1 Rec8 26. Rd3 Rb5 27. b4 Qb6
28. Rd2 c5 29. Rc2 Be6 30. dxc5 axb4 31. axb4 1-0

[Event "Heilbronner SV - TSV SchÃ¶naich 2"]
[Site "?"]
[Date "2022.01.09"]
[Round "5.5"]
[White "Kuebler, Marcus"]
[Black "Tschlatscher, Thomas"]
[Result "0-1"]
[WhiteElo "1987"]
[BlackElo "2185"]
[PlyCount "40"]
[EventDate "2022.??.??"]

1. d4 Nf6 2. c4 e6 3. g3 d5 4. Bg2 Be7 5. Nf3 O-O 6. O-O dxc4 7. Ne5 Nc6 8.
Nxc6 bxc6 9. Na3 Bxa3 10. bxa3 Qd6 11. e4 Qd7 12. Be3 Rd8 13. h3 c5 14. dxc5
Bb7 15. f3 Qc6 16. Qc1 Rd3 17. Re1 Rad8 18. Bf1 Nxe4 19. Qxc4 Nd2 20. Qg4 Nxf3+
0-1

[Event "Heilbronner SV - TSV SchÃ¶naich 2"]
[Site "?"]
[Date "2022.01.09"]
[Round "5.6"]
[White "Dudek, Richard"]
[Black "Stukenbrok, Nils"]
[Result "1-0"]
[WhiteElo "2204"]
[BlackElo "2047"]
[PlyCount "99"]
[EventDate "2022.??.??"]

1. e4 c6 2. d4 d5 3. exd5 cxd5 4. Bd3 Nc6 5. c3 Qc7 6. Ne2 Bg4 7. O-O e6 8. f3
Bh5 9. Bf4 Bd6 10. Bxd6 Qxd6 11. Ng3 Bg6 12. f4 Nge7 13. f5 Nxf5 14. Nxf5 Bxf5
15. Bxf5 exf5 16. Rxf5 g6 17. Rf2 O-O 18. Nd2 Rae8 19. Qg4 Re7 20. Raf1 f6 21.
h4 f5 22. Qg5 Kg7 23. h5 h6 24. Qxg6+ Qxg6 25. hxg6 Kxg6 26. Nf3 Re4 27. g3 Ne7
28. Ne5+ Kg5 29. g4 f4 30. Rh2 Rg8 31. Rh5+ Kf6 32. Rxh6+ Ng6 33. Kf2 Kg5 34.
Rh5+ Kf6 35. Nf3 Rge8 36. Rf5+ Kg7 37. Re1 Re3 38. Ne5 Re4 39. Rxe4 dxe4 40.
Nxg6 e3+ 41. Ke2 Kxg6 42. Rxf4 Kg5 43. Rf3 Kxg4 44. Rxe3 Rh8 45. Kd3 Rh7 46. a4
Kf5 47. a5 Rc7 48. b4 a6 49. d5 Rd7 50. Kd4 1-0

[Event "Heilbronner SV - TSV SchÃ¶naich 2"]
[Site "?"]
[Date "2022.01.09"]
[Round "5.8"]
[White "Buehler, Severin"]
[Black "Kilinc, Can"]
[Result "1/2-1/2"]
[WhiteElo "1811"]
[BlackElo "1940"]
[PlyCount "61"]
[EventDate "2022.??.??"]

1. e4 e5 2. Nf3 Nc6 3. Bb5 a6 4. Ba4 Nf6 5. O-O Nxe4 6. d4 b5 7. Bb3 d5 8. dxe5
Be6 9. Nbd2 Bc5 10. Nxe4 dxe4 11. Bxe6 fxe6 12. Qxd8+ Rxd8 13. Ng5 O-O 14. Nxe4
Bb6 15. Be3 Bxe3 16. fxe3 Rxf1+ 17. Rxf1 Nxe5 18. b3 Ng4 19. Re1 Rd5 20. Nf2
Nxf2 21. Kxf2 b4 22. Ke2 Kf7 23. Rf1+ Ke7 24. Rf4 a5 25. Rc4 c5 26. g4 h5 27.
h4 hxg4 28. Rxg4 Kf6 29. Rf4+ Rf5 30. Rg4 Rd5 31. Rf4+ 1/2-1/2

[Event "SF Deizisau 2 - Stuttgarter SF 2"]
[Site "?"]
[Date "2022.03.27"]
[Round "5.1"]
[White "Beyer, Christian"]
[Black "Zilka, Stepan"]
[Result "0-1"]
[WhiteElo "2288"]
[BlackElo "2606"]
[PlyCount "48"]
[EventDate "2022.??.??"]

1. e4 c5 2. Nf3 d6 3. d4 cxd4 4. Nxd4 Nf6 5. Nc3 g6 6. Be3 Bg7 7. f3 O-O 8. Qd2
Nc6 9. g4 Be6 10. O-O-O Nxd4 11. Bxd4 Qa5 12. a3 Nd7 13. Bxg7 Kxg7 14. Be2 Rab8
15. h4 Rfc8 16. f4 b5 17. Nd5 Qxd2+ 18. Rxd2 Nc5 19. Nc3 a5 20. Rh3 b4 21. Nd5
Nxe4 22. Nxe7 Rc7 23. Nd5 Rc5 24. axb4 axb4 0-1

[Event "SF Deizisau 2 - Stuttgarter SF 2"]
[Site "?"]
[Date "2022.03.27"]
[Round "5.2"]
[White "Koellner, Ruben Gideon"]
[Black "Fritsch, Rolf"]
[Result "1-0"]
[WhiteElo "2454"]
[BlackElo "2184"]
[PlyCount "85"]
[EventDate "2022.??.??"]

1. d4 g6 2. Nf3 Bg7 3. Nbd2 d6 4. e4 Nf6 5. Bc4 c6 6. O-O O-O 7. Bb3 a5 8. a4
d5 9. e5 Ne8 10. Re1 Nc7 11. Nf1 f6 12. h3 Be6 13. Bf4 Nba6 14. c3 Qd7 15. Qd2
g5 16. Be3 Bf5 17. Ng3 Bg6 18. Bd1 h6 19. h4 Ne6 20. hxg5 fxg5 21. Bc2 Qe8 22.
Qd1 Kh7 23. Kh2 Nac7 24. Rh1 Bxc2 25. Qxc2+ Qg6 26. Qb3 b5 27. Kg1 Nf4 28. axb5
cxb5 29. Qa3 b4 30. Qa4 bxc3 31. bxc3 Rab8 32. Qd7 Nce6 33. Qxe7 Rf7 34. Qd6
Rfb7 35. Bxf4 gxf4 36. Qxe6 Rb1+ 37. Rxb1 Rxb1+ 38. Nf1 Qxe6 39. Ng5+ Kg8 40.
Nxe6 a4 41. Kh2 Rb2 42. Nxf4 a3 43. Ne3 1-0

[Event "SF Deizisau 2 - Stuttgarter SF 2"]
[Site "?"]
[Date "2022.03.27"]
[Round "5.3"]
[White "Schwarzburger, Lothar"]
[Black "Dabo-Peranic, Robert"]
[Result "0-1"]
[WhiteElo "2188"]
[BlackElo "2287"]
[PlyCount "72"]
[EventDate "2022.??.??"]

1. e4 e6 2. d4 d5 3. exd5 exd5 4. Nf3 Nf6 5. Bd3 c5 6. dxc5 Bxc5 7. Qe2+ Be7 8.
O-O O-O 9. c3 Re8 10. Nbd2 Bd6 11. Qd1 Bg4 12. h3 Bh5 13. Nb3 Ne4 14. Be3 Nc6
15. Nbd4 Rc8 16. Re1 Bb8 17. g4 Bg6 18. Kg2 Na5 19. Ne2 Qf6 20. Bb5 Red8 21.
Qd4 Nc4 22. Bxc4 Qxd4 23. Nexd4 dxc4 24. Nh4 Nc5 25. Nxg6 hxg6 26. Red1 Na4 27.
Rd2 Rd5 28. Rc2 b5 29. Nf3 f6 30. Bd4 a6 31. b3 Nc5 32. bxc4 bxc4 33. Bxc5
Rcxc5 34. Rb1 Rb5 35. Rcb2 Ba7 36. Nd2 Rxd2 0-1

[Event "SF Deizisau 2 - Stuttgarter SF 2"]
[Site "?"]
[Date "2022.03.27"]
[Round "5.4"]
[White "Gustain, Marc"]
[Black "Weidel, Albrecht"]
[Result "1-0"]
[WhiteElo "2178"]
[BlackElo "2137"]
[PlyCount "145"]
[EventDate "2022.??.??"]

1. e4 e5 2. Nf3 Nc6 3. Nc3 Nf6 4. d4 exd4 5. Nxd4 Bc5 6. Nxc6 bxc6 7. Bd3 d5 8.
exd5 O-O 9. O-O cxd5 10. Bg5 c6 11. Qf3 Be7 12. h3 Be6 13. Ne2 h6 14. Bf4 Qb6
15. b3 c5 16. Ng3 c4 17. Bf5 Rfe8 18. Rfe1 cxb3 19. cxb3 Bb4 20. Red1 Rac8 21.
Bd3 Bc3 22. Rac1 Bb2 23. Rb1 Bc3 24. Nf5 Bxf5 25. Bxf5 Rc6 26. Rbc1 Be5 27.
Bxe5 Rxe5 28. Bd3 Re8 29. Qf5 Qc7 30. Rb1 Re5 31. Qf3 Rc3 32. g3 Kf8 33. Qf4
Re7 34. Qb4 a5 35. Qd4 Qc5 36. Qxc5 Rxc5 37. b4 axb4 38. Rxb4 Nd7 39. a4 g6 40.
Rb5 Kg7 41. a5 Kf6 42. Kg2 Re8 43. a6 Ra8 44. Ra1 Ke6 45. Rb7 Kd6 46. Bb5 Rc7
47. Rxc7 Kxc7 48. Bxd7 Kxd7 49. Kf3 Kc6 50. Ke3 Kc5 51. a7 Kc4 52. Kd2 h5 53.
f3 g5 54. Ra2 f5 55. Ra1 g4 56. fxg4 fxg4 57. hxg4 hxg4 58. Ra2 Kd4 59. Ra4+
Kc5 60. Kd3 Kb5 61. Ra2 Kc5 62. Ra1 Kb6 63. Kd4 Rxa7 64. Rxa7 Kxa7 65. Kxd5 Kb6
66. Ke5 Kc6 67. Kf5 Kd6 68. Kxg4 Ke6 69. Kg5 Kf7 70. Kh6 Kg8 71. g4 Kh8 72. Kg6
Kg8 73. g5 1-0

[Event "SF Deizisau 2 - Stuttgarter SF 2"]
[Site "?"]
[Date "2022.03.27"]
[Round "5.6"]
[White "Gheng, Dominik"]
[Black "Migl, Dieter"]
[Result "0-1"]
[WhiteElo "2032"]
[BlackElo "2131"]
[PlyCount "40"]
[EventDate "2022.??.??"]

1. e4 c5 2. c4 Nc6 3. Nc3 e6 4. g3 Nf6 5. Bg2 d5 6. exd5 exd5 7. Nxd5 Nxd5 8.
Bxd5 Bf5 9. a3 Qe7+ 10. Kf1 O-O-O 11. Nf3 Bh3+ 12. Kg1 h6 13. d3 g5 14. Be3 Bg7
15. Qa4 Qf6 16. Nd2 Rhe8 17. Ne4 Qxb2 18. Re1 Nd4 19. Nd6+ Kb8 20. Qxe8 Rxe8
0-1

[Event "SF Deizisau 2 - Stuttgarter SF 2"]
[Site "?"]
[Date "2022.03.27"]
[Round "5.7"]
[White "Gabriel, Josef"]
[Black "Rempeli, Alex"]
[Result "1/2-1/2"]
[WhiteElo "2060"]
[BlackElo "2077"]
[PlyCount "113"]
[EventDate "2022.??.??"]

1. e4 e6 2. d3 d5 3. Nd2 c5 4. Ngf3 Nc6 5. g3 Nf6 6. Bg2 Be7 7. O-O O-O 8. Re1
Qc7 9. h4 b5 10. Nf1 Bb7 11. e5 Nd7 12. Bf4 Rfc8 13. N1h2 Qd8 14. Ng4 h6 15.
Qd2 Bf8 16. h5 a5 17. Nh4 Ra7 18. c3 d4 19. Be4 f5 20. exf6 Nxf6 21. Qe2 dxc3
22. bxc3 b4 23. Bg6 Qe7 24. Nxf6+ Qxf6 25. Qg4 e5 26. Bxh6 bxc3 27. Bg5 Qd6 28.
Qc4+ Kh8 29. Bf5 Ba6 30. Qg4 Re8 31. Re3 Nd4 32. Ng6+ Kg8 33. h6 Nxf5 34. Qxf5
gxh6 35. Bf4 Rf7 36. Qh5 exf4 37. Rxe8 fxg3 38. Rxf8+ Rxf8 39. Nxf8 gxf2+ 40.
Kxf2 Qd4+ 41. Kg3 Qd6+ 42. Kf2 Qxf8+ 43. Qf3 Qxf3+ 44. Kxf3 Bxd3 45. Ke3 c4 46.
Rh1 Kg7 47. Rh5 a4 48. a3 Kg6 49. Ra5 c2 50. Kd2 h5 51. Rxa4 h4 52. Ra8 Kh6 53.
Rh8+ Bh7 54. Rc8 Bd3 55. Rh8+ Bh7 56. Rc8 Bd3 57. Rh8+ 1/2-1/2

[Event "SF Deizisau 2 - Stuttgarter SF 2"]
[Site "?"]
[Date "2022.03.27"]
[Round "5.8"]
[White "Brenner, Markus"]
[Black "Wolf, Walter"]
[Result "0-1"]
[WhiteElo "2091"]
[BlackElo "2055"]
[PlyCount "84"]
[EventDate "2022.??.??"]

1. e4 e5 2. Nf3 Nc6 3. d4 exd4 4. Bc4 Nf6 5. e5 d5 6. Bb5 Ne4 7. Nxd4 Bd7 8.
Bxc6 bxc6 9. O-O Bc5 10. f3 Ng5 11. f4 Ne4 12. Be3 Bb6 13. Nc3 Nxc3 14. bxc3
Qe7 15. Qd2 O-O 16. a4 f6 17. a5 Bc5 18. Nb3 Bxe3+ 19. Qxe3 fxe5 20. fxe5 Bf5
21. Nd4 Bd7 22. Nb3 Rf5 23. Rae1 Rxf1+ 24. Rxf1 a6 25. Nc5 Be6 26. h3 h6 27.
Rf2 Qe8 28. Qd3 Qe7 29. Qe3 Rb8 30. Nxa6 Rb5 31. Qa7 Rxa5 32. Qxc7 Ra1+ 33. Kh2
Qg5 34. Nc5 Bxh3 35. Qf7+ Kh7 36. Qf4 Qg6 37. Qg3 Rh1+ 38. Kxh1 Qxg3 39. Nd3
Bg4 40. Rf7 Bh5 41. Rc7 Bg6 42. Rxc6 Be4 0-1

[Event "SG SchwÃ¤bisch GmÃ¼nd - TG Biberach"]
[Site "?"]
[Date "2022.04.24"]
[Round "5.1"]
[White "Deuer, Marius"]
[Black "Velicka, Petr"]
[Result "1/2-1/2"]
[WhiteElo "2356"]
[BlackElo "2389"]
[PlyCount "89"]
[EventDate "2022.??.??"]

1. d4 d5 2. c4 c6 3. Nf3 Nf6 4. Qb3 e6 5. g3 Be7 6. Bg2 O-O 7. O-O Nbd7 8. Bf4
Ne4 9. Nc3 f5 10. Ne5 Nxe5 11. dxe5 Kh8 12. Rad1 Qb6 13. Qc2 Nxc3 14. Qxc3 Qb4
15. Qc2 Qxc4 16. Qxc4 dxc4 17. Rd4 Rd8 18. Rxc4 Bd7 19. Rc3 Be8 20. Rb3 b6 21.
Be3 Rab8 22. Rc1 c5 23. f4 Kg8 24. h3 a5 25. g4 g6 26. Bf3 Ba4 27. Rbc3 Rbc8
28. a3 Bc6 29. Bxc6 Rxc6 30. b4 axb4 31. axb4 Rdc8 32. Kg2 Kf7 33. bxc5 Bxc5
34. Bxc5 Rxc5 35. Rxc5 Rxc5 36. Ra1 Rc7 37. Rb1 Rb7 38. Kf3 b5 39. e4 b4 40.
Rb3 fxg4+ 41. Kxg4 Rb5 42. Kg5 Kg7 43. h4 h5 44. Rd3 Rb7 45. Rb3 1/2-1/2